The great controvacy Christ and Satan : (Record no. 31760)

000 -LEADER
fixed length control field 00596nam a22001697a 4500
008 - FIXED-LENGTH DATA ELEMENTS--GENERAL INFORMATION
fixed length control field 230727b |||||||| |||| 00| 0 eng d
020 ## - INTERNATIONAL STANDARD BOOK NUMBER
International Standard Book Number 9780816308446
050 ## - LIBRARY OF CONGRESS CALL NUMBER
Classification number BX 6111 .W45 1911
100 ## - MAIN ENTRY--PERSONAL NAME
Personal name White, Ellen G.
245 ## - TITLE STATEMENT
Title The great controvacy Christ and Satan :
Remainder of title the conflict of the ages in the Christian dispensation /
250 ## - EDITION STATEMENT
Edition statement 1st ed.
260 ## - PUBLICATION, DISTRIBUTION, ETC. (IMPRINT)
Place of publication, distribution, etc. USA:
Name of publisher, distributor, etc. The Ellen and White,
Date of publication, distribution, etc. 1911.
300 ## - PHYSICAL DESCRIPTION
Extent xiv, 734p. ;
Other physical details ill. ;
Dimensions 18 cm
500 ## - GENERAL NOTE
General note includes bibliographical references and index.
650 ## - SUBJECT ADDED ENTRY--TOPICAL TERM
Source of heading or term Good and evil.
942 ## - ADDED ENTRY ELEMENTS (KOHA)
Source of classification or shelving scheme
Koha item type Hard Covered Materials
Classification part BX 6111 .W45 1911
Holdings
Withdrawn status Lost status Source of classification or shelving scheme Damaged status Not for loan Home library Current library Shelving location Date acquired Source of acquisition Total Checkouts Full call number Barcode Date last seen Date last checked out Price effective from Koha item type
          MACHAKOS UNIVERSITY LIBRARY MACHAKOS UNIVERSITY LIBRARY Open shelf 27/07/2023 Donation (kimanzi) 1 BX 6111 .W45 1911 39563 22/07/2024 12/07/2024 27/07/2023 Hard Covered Materials
© Machakos University Library, Along The Highway, Machakos Wote Rd, Machakos, Kenya P.O. Box 136 - 90100 Machakos - Kenya

Tel: ( +254 ) 723 805829 OR Fax : 044-20353 OR Email: library@mksu.ac.ke